00657nam a2200193 a 450000100100000000500170001000800410002704000250006808200150009310000250010824500650013325000130019826000430021130000210025450400320027559000260030795201130033399900170044600004123720201002034724.0130927s1975 xxu 001 0 spa d aDO-SdBNPbspacBNPHU axxxxbxxxx1 aSpanier, John96782510aAmerican foreign policy since world war II. /cJohn Spanier. a6ta. ed. aNew York :bPraeger Publishers,c1975. a395 p. ;c20 cm. aBibliografía : p. 281-295 aInventariado, 2019/BT 001050718MOaGRbGRcHDd2013-09-27iLF1l0oxxxx xxxxp41237-10r2020-06-25w2020-06-25y1ZNo se presta c40727d40727